Die Aussetzung der Jugendstrafe zur Bewährung gemäss § 21 JGG
| Main Author: | |
|---|---|
| Format: | Print Book |
| Language: | German |
| Published: |
Frankfurt am Main Berlin Bern New York Paris Wien
Lang
1995
|
| In: |
Europäische Hochschulschriften (1731)
Year: 1995 |
| Online Access: |
Table of Contents |
| Availability in Tübingen: | Present in Tübingen. IFK: F III 416 |
| Check availability: | HBZ Gateway |
| Subito Delivery Service: | Order now. |
| Keywords: |
MARC
| LEADER | 00000cam a2200000 c 4500 | ||
|---|---|---|---|
| 001 | 271844310 | ||
| 003 | DE-627 | ||
| 005 | 20251222212120.0 | ||
| 007 | tu | ||
| 008 | 950418s1995 gw ||||| m 00| ||ger c | ||
| 015 | |a 95,N10,0305 |2 dnb | ||
| 015 | |a 95,A36,0729 |2 dnb | ||
| 016 | 7 | |a 943191661 |2 DE-101 | |
| 020 | |a 363148237X |9 3-631-48237-X | ||
| 035 | |a (DE-627)271844310 | ||
| 035 | |a (DE-576)044876513 | ||
| 035 | |a (DE-599)GBV271844310 | ||
| 035 | |a (OCoLC)246673062 | ||
| 035 | |a (OCoLC)845004984 | ||
| 035 | |a (OCoLC)37499795 | ||
| 040 | |a DE-627 |b ger |c DE-627 |e rakwb | ||
| 041 | |a ger | ||
| 044 | |c XA-DE |c XA-CH |c XD-US | ||
| 050 | 0 | |a KK9793 | |
| 082 | 0 | |a 345.43/087 | |
| 084 | |a 19 |2 sdnb | ||
| 084 | |a PH 4420 |2 rvk |0 (DE-625)rvk/136135: | ||
| 084 | |a 86.39 |2 bkl | ||
| 100 | 1 | |a Westphal, Karsten |d 1965- |0 (DE-588)1071850571 |0 (DE-627)826476872 |0 (DE-576)433368365 |4 aut | |
| 109 | |a Westphal, Karsten 1965- | ||
| 245 | 1 | 4 | |a Die Aussetzung der Jugendstrafe zur Bewährung gemäss § 21 JGG |c Karsten Westphal |
| 263 | |a brosch. : DM 89.00 (freier Pr.) | ||
| 264 | 1 | |a Frankfurt am Main |a Berlin |a Bern |a New York |a Paris |a Wien |b Lang |c 1995 | |
| 300 | |a 315 S. | ||
| 336 | |a Text |b txt |2 rdacontent | ||
| 337 | |a ohne Hilfsmittel zu benutzen |b n |2 rdamedia | ||
| 338 | |a Band |b nc |2 rdacarrier | ||
| 490 | 1 | |a Europäische Hochschulschriften |a Reihe 2, Rechtswissenschaft = Droit = Law |v 1731 | |
| 500 | |a Originally presented as author's thesis (doctoral)--Universität Passau, 1994 | ||
| 502 | |a Zugl.: Passau, Univ., Diss., 1994 | ||
| 583 | 1 | |a Archivierung prüfen |c 20240324 |f DE-4165 |z 1 |2 pdager | |
| 583 | 1 | |a Archivierung/Langzeitarchivierung gewährleistet |c 20240722 |f NI-LastCopies |x XA-DE-NI |z Potenzieller Alleinbesitz Niedersachsen |2 pdager |5 DE-89 | |
| 653 | 0 | |a Juvenile parole |a Germany | |
| 655 | 7 | |a Hochschulschrift |0 (DE-588)4113937-9 |0 (DE-627)105825778 |0 (DE-576)209480580 |2 gnd-content | |
| 689 | 0 | 0 | |d s |0 (DE-588)4162867-6 |0 (DE-627)105459038 |0 (DE-576)209876778 |a Jugendstrafe |2 gnd |
| 689 | 0 | 1 | |d s |0 (DE-588)4057778-8 |0 (DE-627)10416851X |0 (DE-576)209123672 |a Strafaussetzung |2 gnd |
| 689 | 0 | |5 DE-101 | |
| 751 | |a Passau |0 (DE-588)4044828-9 |0 (DE-627)106204114 |0 (DE-576)209062509 |4 uvp | ||
| 830 | 0 | |a Europäische Hochschulschriften |n Reihe 2 |p Rechtswissenschaft |v 1731 |9 1731 |w (DE-627)130134236 |w (DE-576)015671542 |w (DE-600)510544-4 |x 0531-7312 |7 am | |
| 856 | 4 | 2 | |u http://www.gbv.de/dms/spk/sbb/toc/271844310.pdf |m V:DE-601 |m B:DE-1 |q pdf/application |x Verlag |y Inhaltsverzeichnis |3 Inhaltsverzeichnis |7 1 |
| 889 | |w (DE-627)18163905X | ||
| 935 | |i mdedup | ||
| 935 | |i Blocktest | ||
| 936 | r | v | |a PH 4420 |b Einzeldarstellungen |k Rechtswissenschaft |k Strafrecht, Strafverfahrensrecht, Kriminologie |k Nebenstrafrecht |k Jugendstrafrecht |k Einzeldarstellungen |0 (DE-627)1272237168 |0 (DE-625)rvk/136135: |0 (DE-576)202237168 |
| 936 | b | k | |a 86.39 |j Jugendstrafrecht |0 (DE-627)181571994 |
| 951 | |a BO | ||
| ELC | |b 1 | ||
| LOK | |0 000 xxxxxcx a22 zn 4500 | ||
| LOK | |0 001 3303156581 | ||
| LOK | |0 003 DE-627 | ||
| LOK | |0 004 271844310 | ||
| LOK | |0 005 20151116135000 | ||
| LOK | |0 008 150728||||||||||||||||ger||||||| | ||
| LOK | |0 040 |a DE-21-110 |c DE-627 |d DE-21-110 | ||
| LOK | |0 689 |a s |a Strafaussetzung | ||
| LOK | |0 689 |a s |a Bewährung | ||
| LOK | |0 689 |a s |a Jugendstrafe | ||
| LOK | |0 689 |a s |a Jugendstrafrecht | ||
| LOK | |0 852 |a DE-21-110 | ||
| LOK | |0 852 1 |c F III 416 |m p |9 00 | ||
| LOK | |0 935 |a k110 | ||
| LOK | |0 938 |k p | ||
| LOK | |0 939 |a 28-07-15 |b l01 | ||
| ORI | |a SA-MARC-krimdoka001.raw | ||
| SIG | |a IFK: F III 416 | ||
